000 00454pab a2200157 454500
008 180718b1990 xxu||||| |||| 00| 0 eng d
100 _aRishi, Meenakshi
245 _aThe hidden balance of payments
_bCapital flight and trade misinvoicing in India, 1971-1986
260 _c1990
300 _a1645-8
362 _a28 Jul.
650 _aBalance of Payments - India
700 _aJames K. Boyce
773 _aEconomic and Political Weekly
909 _a4579
999 _c4579
_d4579